000 00404nam a2200133Ia 4500
008 231129s1990||||xx |||||||||||||| ||spa||
020 _a958-643-095-2
040 _bspa
082 _a986.105 C374
245 0 _aCausas y memorias de los conjurados del 25 de Septiembre de 1828
260 _c1990
264 _aFundacion Francisco de Paula Santander
942 _2ddc
_cBKS
999 _c6806
_d6806